000
00320 a2200121 4500
000
nam a22 7a 4500
005
20260316113813.0
020
_a
9781470471927
100
_a
Milivoje Lukić
_9
1132135
245
_a
A First Course in Spectral Theory
260
_b
American Mathematical Society
_c
2022
942
_c
TEXL
999
_c
1715481
_d
1715481